• 首页
  • 本馆介绍
  • 公告通知
  • 最新文献
  • 馆藏检索
  • 电子资源
  • 读者导购
  • 参考咨询
  • 我的图书馆
  • 登录
  • 详细信息显示
  • 放入我的书架
  • 预约/预借图书
  • 作者相关作品
  • 分类相关作品
  • 丛书相关作品
  • 出版社相关作品

书目信息

  • 表格格式
  • 工作单格式
  • 卡片格式
题名:
音乐艺术散论
    
 
作者: 郭兆胜 著
分册:  
出版信息: 北京   华乐出版社  1999
页数: 487页
开本: 20cm
丛书名:
单 册:
中图分类: J605-53
科图分类:
主题词: 音乐--艺术评论--文集
电子资源:
ISBN: 7-80129-036-4
000 00725nam0 2200217 450
001 010031075810
005 20070806175348.37
010    @a7-80129-036-4@dCNY23.00
100    @a19980504e20001999em y0chiy0110 ea
101 0  @achi
102    @aCN@b110000
105    @ag z 000yy
200 1  @a音乐艺术散论@9yin yue yi shu san lun@f郭兆胜著
210    @a北京@c华乐出版社@d1999@h2000
215    @a487页@d20cm
330    @a本书收录了“我手写我口”、“回植到民族音调上壤上来”、“感性创作与理性创作”、“写歌与知识面”、“歌词的哲理性”、“艺术性与群众性”等作品。
606 0  @a音乐@x艺术评论@j文集
690    @aJ605-53@v4
701  0 @a郭兆胜@9guo zhao sheng@4著
801  0 @aCN@bRENTIAN@c20070806
905    @a10447@dJ605-53@e526
    
    音乐艺术散论/郭兆胜著.-北京:华乐出版社,1999(2000)
    487页;20cm
    
    
    ISBN 7-80129-036-4:CNY23.00
    本书收录了“我手写我口”、“回植到民族音调上壤上来”、“感性创作与理性创作”、“写歌与知识面”、“歌词的哲理性”、“艺术性与群众性”等作品。
●
相关链接 在E读中查询图书 在五车中查询图书 在当当中查询图书 在豆瓣中查询图书


正题名:音乐艺术散论     索取号:J605-53/526         预约/预借

序号 登录号 条形码 馆藏地/架位号 状态 备注
1 0804972   208049725   第一样本阅览室/ [索取号:J605-53/526] 在馆    
2 0804973   208049734   第一借阅区/ [索取号:J605-53/526] 在馆    
3 0804974   208049743   第一借阅区/ [索取号:J605-53/526] 在馆    
4 0804975   208049752   第一借阅区/ [索取号:J605-53/526] 在馆    
5 0804976   208049761   第一借阅区/ [索取号:J605-53/526] 在馆    
6 0804977   208049770   第一借阅区/ [索取号:J605-53/526] 在馆    
7 0804978   208049789   第一借阅区/ [索取号:J605-53/526] 在馆    
8 0804979   208049798   密集书库-音乐系/ [索取号:J605-53/526] 在馆    
9 0804980   208049805   密集书库-音乐系/ [索取号:J605-53/526] 在馆    
10 0804981   208049814   密集书库-音乐系/ [索取号:J605-53/526] 在馆    
欢迎您!
大连网信软件有限公司© 版权所有